| 000 | 00834nam a22001817 4500 | ||
|---|---|---|---|
| 999 |
_c1621 _d1621 |
||
| 003 | AR-BaISA | ||
| 005 | 20240503184229.0 | ||
| 007 | ta | ||
| 008 | 240503s1959 ag |||| |||| 000 0 spa d | ||
| 040 |
_bspa _cAR-BaISA |
||
| 082 | 0 | 4 |
_222 _a150.195 G828 |
| 100 | 1 |
_93381 _aGreenacre, Phyllis |
|
| 245 | 1 | 0 |
_aPerturbaciones de la afectividad: _bcontribuciones psicoanalíticas / _cPhyllis Greenacre |
| 260 |
_aBuenos Aires: _bHormé, _c[1959?] |
||
| 300 | _a154 p. | ||
| 505 |
_tPhyllis Greenacre / Prólogo -- _tEdward Bibring / El mecanismo de la depresión -- _tEdith Jacobson / Contribución a la metapsicología de la depresión ciclotímica -- _tElizabeth Rosenberg Zetzel / La posición depresiva -- _tGeorge Gero / Un equivalente de la depresión: la anorexia -- _tMauritis Katan / Manía y principio del placer |
||
| 942 |
_2ddc _cLI _e22 |
||